1149 1316 1711 1776 1155 1004 1945 1229 1348 1417 1270 1856 1561 1636 1752 1170 1246 1231 1556 1258 1136 1485 1077 1769 1212 1538 1362 1407 1729 1793 1423 1381 1450 1626 1620 1716 1146 1837 1915 1649 1791 1610 1581 1076 1060 1790 1832 1152 1784 1287 1662 1159 1202 1031 1601 1244 1868 1545 1873 1758 1490 1417 1718 1603 1347 1906 1893 1818 1060 1212 1529 1053 1312 1846 1219 1117 1150 1030 1104 1371 1523 1461 1341 1511 1127 1064 1180 1053 1716 1677 1503 1644 1329 1523 1307 1885 1170 1246 1624 BCNSPRNW ULIB Ver.6.0+V

เปลี่ยนเป็นภาษาไทย

Change to English
 แสดงรายละเอียดบรรณานุกรม
  กลับหน้าหลัก

Brief Record : Get Marc (ISO 2709) : E-mail record : QR code < ปิดหน้าต่าง
LEADER : 00000nam 2200000uu 4500
001    13399121755
003     ULIB
008    121204s2555||||th 000 0 tha d
020    ^a9786160002979
090    ^aนว.^bป618ป
100 0  ^aปิ่นปินัทธ์
245 10 ^aปทมาศวรรย์ /^cปิ่นปินัทธ์
250    ^aพิมพ์ครั้งที่ 1
260    ^aกรุงเทพฯ :^bพิมพ์คำ,^c2555
300    ^a567 หน้า ;^c21 ซม.
490 0  ^aชุดดวงดอกไม้
650  4 ^aนวนิยายไทย
830  0 ^aชุดดวงดอกไม้
945    ^p340^l0^i033170
999    ^aใช้งานได้ทุกระบบ
รายการนี้ยังไม่มีแท็ก
คุณยังไม่ได้ล็อกอิน คุณสามารถมีกิจกรรมร่วมกับเว็บไซต์ได้ แต่ต้องล็อกอินก่อน ::
  ล็อกอิน

รายการสื่อสารสนเทศ

ลำดับที่ ประเภท เลขเรียก/บาร์โค้ด สถานที่ สถานะ
1. นวนิยาย
นวนิยาย
นว. ป618ป  
  Barcode: 033170
ห้องสมุดวิทยาเขตสวรรค์ประชารักษ์
►นวนิยาย
บนชั้น
  ขอยืม

รายการใกล้เคียง
    ผู้แต่ง [ปิ่นปินัทธ์]

    หัวเรื่อง [นวนิยายไทย]

BibComment


ยังไม่เคยถูกคอมเมนท์

คอมเมนท์ทรัพยากรรายการนี้
  คอมเมนท์: ปทมาศวรรย์ ปิ่น..


 Copyright 2026. Bcnsprnw @Library